00507nam a22001577a 450000500170000001000150001702000260003203500140005803700130007208200100008524501360009526000320023127000320026330000210029570000330031620230727160432.0 aENG-137626 a9788186778630c400.00 aEN-121158 bDBAD/PUB a280.3 aSaint Symeon bThe New Theologian: The Mystic of Fire and Light And Hymns of Divine LovecEdited by Rev. Fr. George A. MaloneyhENG bI. J. A. Publicationsc2011 aBangalore, IndiabBangalore a464p.c24cm(pbk) aEditor Fr. John M. Zboyovski